| 000 | 00591cam a22002053a 4500 | ||
|---|---|---|---|
| 001 | 35495 | ||
| 003 | PGUSA | ||
| 005 | 20140828083750.0 | ||
| 008 | 110306s2011||||xxu|||||s|||||000 | eng d | ||
| 040 |
_aPGUSA _beng |
||
| 042 | _adc | ||
| 100 | 1 | _aMacDonald, Daniel J. | |
| 245 | 1 | 4 |
_aThe Radicalism of Shelley and Its Sources _h[electronic resource] / _cDaniel J. MacDonald |
| 260 |
_bProject Gutenberg, _c2011 |
||
| 506 | _aPublic domain in the USA. | ||
| 516 | _aElectronic text | ||
| 830 | 0 |
_aProject Gutenberg _v35495 |
|
| 856 | 4 | 0 | _uhttp://www.gutenberg.org/ebooks/35495 |
| 942 | _cEB | ||
| 999 |
_c264750 _d264750 |
||